000 00701nam a2200193Ia 4500
001 1360
003 GE_BSU
008 181216s||||||||xx |||||||||||||| ||und||
040 _cGE_BSU
080 _a811.161.1(072)
100 _aШакирова,Л.З. Саяхова,Л.Г.
245 _aПрактикум по методике преподавания русского языка в национальной школе
260 _aЛенинград
260 _bПросвещение
260 _c1987
300 _a303стр.
653 _aПрактикум по методике преподавания русского языка в национальной школе
942 _cBK
999 _c35500
_d35500